000 00962cam a2200265 a 4500
999 _c234859
_d234859
003 Nust
005 20170331121808.0
008 170216b xxu||||| |||| 00| 0 eng d
020 _a0070453454 (acidâ‚‹free paper)
040 _cNust-MCE
082 0 0 _a629.136 HOR
_bHOR
100 1 _aHoronjeff, Robert.
245 1 0 _aPlanning and design of airports /
_cRobert Horonjeff, Francis X. McKelvey.
250 _a4th ed., International ed.
260 _aNew York :
_bMcGraw-Hill,
_cc1994.
300 _axiii, 829 p. :
_bill. ;
_c24 cm.
650 0 _aAirports
_xPlanning.
650 0 _aAirports
_xDesign and construction.
650 0 _aMCE
700 1 _aMcKelvey, Francis X.
856 4 2 _uhttp://www.loc.gov/catdir/bios/mh041/93023138.html
856 4 1 _uhttp://www.loc.gov/catdir/toc/mh022/93023138.html
942 _cBK
_2ddc